Southville International School and Colleges
Your cart is empty.
  • Cart
  • Lists
    Public lists Eva Luna New books Lux_list list_1
    Your lists Log in to create your own lists
  • Log in to your account
  • Your cookies
  • Search history
Southville International School and Colleges
  • Advanced search
  • Recent comments
  • Most popular
  • Libraries

Log in to your account

Log in with GOOGLE


If you do not have an external account, but do have a local account, you can still log in:

  1. Home
  2. MARC view: Goodness gracious me! /
Normal view MARC view ISBD view

Goodness gracious me! / (Record no. 111536)

[ view plain ]
MARC details
000 -LEADER
fixed length control field 00666nam a2200181 a 4500
001 - CONTROL NUMBER
control field 0649
005 - DATE AND TIME OF LATEST TRANSACTION
control field 20140414131917.0
008 - FIXED-LENGTH DATA ELEMENTS--GENERAL INFORMATION
fixed length control field 040202s19uu xx 00 eng d
020 ## - INTERNATIONAL STANDARD BOOK NUMBER
International Standard Book Number 0-02-178753-0
050 ## - LIBRARY OF CONGRESS CALL NUMBER
Classification number ER
Item number G59 1993
100 ## - MAIN ENTRY--PERSONAL NAME
Personal name Aoki, Elaine
245 ## - TITLE STATEMENT
Title Goodness gracious me! /
Statement of responsibility, etc Elaine Mei Aoki, et al.
260 ## - PUBLICATION, DISTRIBUTION, ETC. (IMPRINT)
Place of publication, distribution, etc New York :
Name of publisher, distributor, etc Macmillan,
Date of publication, distribution, etc 1993.
300 ## - PHYSICAL DESCRIPTION
Extent 143 p. ; cm.
500 ## - GENERAL NOTE
General note Contents: Coco Can't Wait--The Folk Who Live In Backward Town--I Need Lunch Box--Robert, Who is Often a Stranger to Himself--Hattie and the Fox--The Story of Chicken Licken--Something Big has been Here.
650 ## - SUBJECT ADDED ENTRY--TOPICAL TERM
Topical term or geographic name as entry element Collection of stories.
Holdings
Withdrawn status Lost status Damaged status Home library Current library Shelving location Date acquired Source of acquisition Total Checkouts Full call number Barcode Date last seen Price effective from Koha item type
      Munich Library Munich Library Easy Reading Section 02/02/2004     ER G59 1993 M2303 04/14/2014 04/14/2014 Books

Goodness gracious me! /

APA

Aoki E., . (1993). Goodness gracious me!. New York: Macmillan.

Chicago

Aoki Elaine, . 1993. Goodness gracious me!. New York: Macmillan.

Harvard

Aoki E., . (1993). Goodness gracious me!. New York: Macmillan.

MLA

Aoki Elaine, . Goodness gracious me!. New York: Macmillan. 1993.

  • Place hold
  • Print
  • Cite
  • Add to your cart (remove)
  • Save record
    BIBTEX Dublin Core MARCXML MARC (non-Unicode/MARC-8) MARC (Unicode/UTF-8) MARC (Unicode/UTF-8, Standard) MODS (XML) RIS
  • More searches
    Search for this title in:
    Other Libraries (WorldCat) Other Databases (Google Scholar) Online Stores (Bookfinder.com) Open Library (openlibrary.org)

Exporting to Dublin Core...

SOUTHVILLE LIBRARY

Southville International School and Colleges Library

1281 Tropical Ave. Cor. Luxembourg St., BF Homes International, Las Pinas City

Tel. No. 8256374 / 252358 Loc. 117/146

Powered by Koha